[Event "AUTO-INT-1797"]
[Site "http://www.queenalice.com/game.php?id=822249"]
[Date "2010.8.24"]
[Round "1"]
[White "rsvale"]
[Black "kingmartinIII"]
[Result "1-0"]
[WhiteElo "1479"]
[BlackElo "1372"]

1. e4 e5 2. Bc4 Nf6 3. d3 Bc5 4. Qf3 d6 5. h3 O-O 6. Qg3 g6 7. Be3 Be6 8. Nd2
Nh5 9. Qg5 Nc6 10. O-O-O Na5 11. Ngf3 a6 12. g4 Nf4 13. Qxd8 Raxd8 14. Bxe6 fxe6
15. Ng5 Bxe3 16. fxe3 Ne2+ 17. Kb1 h6 18. Nxe6 Ng3 19. Rhg1 Ne2 20. Rg2 Rde8 21.
Nxf8 Rxf8 22. Rxe2 c5 23. c4 b6 24. Rf1 Rb8 25. Nb3 Kg7 26. Nxa5 bxa5 27. Ref2
1-0

[Event "AUTO-INT-1797"]
[Site "http://www.queenalice.com/game.php?id=822250"]
[Date "2010.8.24"]
[Round "1"]
[White "kingmartinIII"]
[Black "rsvale"]
[Result "0-1"]
[WhiteElo "1354"]
[BlackElo "1406"]

1. e4 e5 2. Bc4 Nf6 3. Nf3 Nc6 4. Ng5 d5 5. Bxd5 Nxd5 6. exd5 Ne7 7. O-O Nxd5 8.
d4 f6 9. Ne4 Bf5 10. Nec3 g5 11. dxe5 Nxc3 12. Nxc3 Qxd1 13. Rxd1 Bxc2 14. Rd2
Bf5 15. Nd5 Rc8 16. Nxf6+ Kf7 17. a4 Bg7 18. Nd5 Bxe5 19. Ra3 c6 20. Ne3 Kg6 21.
g4 Be4 22. Re2 Bf3 23. Re1 Bf4 24. Nf5 Bxc1 25. Rxc1 Bxg4 26. Nd4 h5 27. h3 Bxh3
0-1

[Event "AUTO-INT-1797"]
[Site "http://www.queenalice.com/game.php?id=822263"]
[Date "2010.8.24"]
[Round "1"]
[White "Tal0n"]
[Black "kingmartinIII"]
[Result "1-0"]
[WhiteElo "1787"]
[BlackElo "1378"]

1. e4 e5 2. Nf3 d6 3. Bc4 Nf6 4. Ng5 Be6 5. Qe2 h6 6. Nxe6 Qd7 7. Nxf8 Rxf8 8.
Nc3 Nc6 9. Bb5 a6 10. Bxc6 Qxc6 11. d3 O-O-O 12. Qe3 d5 13. Qa7 Ng4 14. Nxd5
Rxd5 15. exd5 Qxd5 16. Qa8+ Kd7 17. Qxf8 Kc6 18. O-O b5 19. Qxg7 Qe6 20. h3 Nf6
21. Qxh6 Kb7 22. Bg5 Nd5 23. Qxe6 fxe6 24. Rfe1 Nb4 25. Rxe5 Nxc2 26. Rc1 Nd4
27. Rec5 Kb6 28. Be3 Ne2+ 29. Kf1 Nxc1 30. Rxc1+ Ka5 31. a3 Ka4 32. h4 Kb3 33.
Bd4 a5 34. Rc5 b4 35. a4 Kxa4 36. h5 Kb3 37. h6 a4 38. h7 1-0

[Event "AUTO-INT-1797"]
[Site "http://www.queenalice.com/game.php?id=822264"]
[Date "2010.8.24"]
[Round "1"]
[White "kingmartinIII"]
[Black "Tal0n"]
[Result "0-1"]
[WhiteElo "1376"]
[BlackElo "1789"]

1. e4 e5 2. Bc4 Nf6 3. f3 d5 4. Bxd5 Nxd5 5. exd5 Qxd5 6. Ne2 Bf5 7. O-O Bc5+ 8.
Kh1 e4 9. Nf4 Qd4 10. c3 Qd6 11. Nh5 Qh6 12. fxe4 Bxe4 13. Nf4 Bd6 14. d3 Bc6
15. Qe1+ Kd7 16. Na3 Qg5 17. Qg3 Bxf4 18. Bxf4 Qd5 19. Nc4 h5 20. Bxc7 h4 21.
Qf3 Kxc7 22. Qxd5 Bxd5 23. Ne5 Re8 24. d4 Nc6 25. h3 Nxe5 26. dxe5 Rxe5 27. Kh2
Re2 28. Rad1 Rxg2+ 29. Kh1 Rd2+ 30. Kg1 Rxd1 31. Rxd1 Bxa2 32. b4 a5 33. b5 Bc4
34. Kf2 a4 35. Rd4 Bxb5 36. Rxh4 a3 37. Rh7 a2 0-1

[Event "AUTO-INT-1797"]
[Site "http://www.queenalice.com/game.php?id=822271"]
[Date "2010.8.24"]
[Round "1"]
[White "Givanildo"]
[Black "kingmartinIII"]
[Result "1-0"]
[WhiteElo "1508"]
[BlackElo "1410"]

1. e4 e5 2. Bc4 Nf6 3. Qf3 Bc5 4. d3 O-O 5. Bg5 Nc6 6. c3 Be7 7. h3 h6 8. Be3
Nh7 9. Qh5 d6 10. Nf3 a5 11. Bxh6 gxh6 12. Qxh6 Bg5 13. Qg6+ Kh8 14. Nxg5 Qxg5
15. Bxf7 Qxg6 16. Bxg6 Nf6 17. Nd2 Rg8 18. Bf7 Rxg2 19. O-O-O Rxf2 20. Rdg1 Bd7
21. a4 Rf8 22. Bd5 Ne7 23. Nf1 Bxa4 24. Nd2 c6 25. Be6 Ne8 26. h4 Nc7 27. Bg4 d5
28. Nf3 R8xf3 29. Bxf3 Rxf3 30. h5 Rf7 31. h6 c5 32. exd5 Ncxd5 33. Rg4 b5 34.
c4 Ne3 35. Rg5 N3f5 36. cxb5 Bxb5 37. Kd2 Kh7 38. Kc3 Ba6 39. b3 Bc8 40. Kc4 Ng8
41. Kd5 Rb7 42. Kxe5 Rxb3 43. Ke4 a4 44. Rhg1 Ngxh6 45. Rh5 Ng7 46. Rh4 Bf5+ 47.
Ke5 Bxd3 48. Kf6 Rb7 49. Kg5 Rb6 50. Rd1 Bc2 51. Rc1 Bb3 52. Rxc5 a3 53. Rc1
Rb5+ 54. Kf4 a2 55. Rch1 Rb6 56. Kg5 Bd5 57. Rxh6+ Rxh6 58. Rxh6+ Kg8 59. Ra6
Ne6+ 60. Kf6 Nc7 61. Ra7 Nb5 62. Rg7+ Kf8 63. Rg1 Nc7 64. Rd1 Bb3 65. Rd8+ Ne8+
66. Kg6 a1=Q 67. Rd7 Qg1+ 68. Kh7 Nf6+ 69. Kh6 Nxd7 70. Kh7 Qh1+ 71. Kg6 Bc2+
72. Kg5 1-0

[Event "AUTO-INT-1797"]
[Site "http://www.queenalice.com/game.php?id=822272"]
[Date "2010.8.24"]
[Round "1"]
[White "kingmartinIII"]
[Black "Givanildo"]
[Result "0-1"]
[WhiteElo "1409"]
[BlackElo "1558"]

1. e4 e5 2. Bc4 Bc5 3. Nf3 Qf6 4. O-O d6 5. d3 Bg4 6. Bg5 Qg6 7. Nc3 c6 8. a3 h6
9. Bh4 Bh3 10. Bg3 Bg4 11. h3 Bh5 12. Rb1 Nf6 13. b4 O-O 14. bxc5 dxc5 15. Na4
b5 16. Bxf7+ Rxf7 17. Nxc5 Nfd7 18. Nxd7 Nxd7 19. Qe1 Bxf3 20. gxf3 Rxf3 21. c4
Nc5 22. Kg2 Nxd3 23. Qe2 Nf4+ 24. Kh2 Nxe2 25. cxb5 Nxg3 26. Rfc1 Rxf2+ 27. Kg1
Nxe4+ 28. Kh1 Qg2# 0-1

[Event "AUTO-INT-1809"]
[Site "http://www.queenalice.com/game.php?id=827872"]
[Date "2010.9.4"]
[Round "1"]
[White "kingmartinIII"]
[Black "leafar"]
[Result "0-1"]
[WhiteElo "1356"]
[BlackElo "1735"]

1. e4 e5 2. Bc4 Nf6 3. Nf3 Be7 4. Ng5 O-O 5. O-O c6 6. d4 exd4 7. Qxd4 b6 8. e5
Bc5 9. Qh4 h6 10. Ne4 Nxe4 11. Qxe4 d5 12. Bxd5 cxd5 13. Qe1 Bb7 14. c3 Nc6 15.
e6 fxe6 16. Qxe6+ Kh8 17. Qg6 Qe7 18. b4 Ne5 0-1

[Event "AUTO-INT-1809"]
[Site "http://www.queenalice.com/game.php?id=827873"]
[Date "2010.9.4"]
[Round "1"]
[White "leafar"]
[Black "kingmartinIII"]
[Result "1-0"]
[WhiteElo "1714"]
[BlackElo "1374"]

1. e4 e5 2. Nf3 d6 3. Be2 Nf6 4. d3 Be7 5. O-O O-O 6. Nc3 Nc6 7. Bg5 h6 8. Bxf6
Bxf6 9. Nd5 Bg5 10. Nxg5 Qxg5 11. Nxc7 Rb8 12. Nd5 Bh3 13. Bf3 Nd4 14. Kh1 Be6
15. c3 Nc6 16. Nc7 1-0

[Event "AUTO-INT-1809"]
[Site "http://www.queenalice.com/game.php?id=827876"]
[Date "2010.9.4"]
[Round "1"]
[White "kingmartinIII"]
[Black "dladuke7"]
[Result "0-1"]
[WhiteElo "1463"]
[BlackElo "1551"]

1. e4 e5 2. Bc4 Nf6 3. Nf3 Nxe4 4. Nxe5 Nd6 5. b3 Nxc4 6. bxc4 Qe7 7. d4 d6 8.
Qe2 dxe5 9. Qxe5 Qxe5+ 10. dxe5 c5 11. O-O Be6 12. Na3 Nc6 13. Nb5 Bxc4 14. Nd6+
Bxd6 15. Rb1 Bxf1 16. Kxf1 Bxe5 17. g3 Rd8 18. Be3 b6 19. Re1 O-O 20. Bf4 Rfe8
21. a4 Bxf4 22. gxf4 Rxe1+ 23. Kxe1 Nd4 24. c3 Nf3+ 25. Kf1 Nxh2+ 26. Kg2 Ng4
27. Kg3 Nf6 28. a5 bxa5 29. Kf3 Rd3+ 30. Ke2 Rxc3 31. f5 a4 32. Kd2 Rh3 33. Kc2
a3 34. Kb1 c4 35. Ka2 Rb3 0-1

[Event "AUTO-INT-1809"]
[Site "http://www.queenalice.com/game.php?id=827877"]
[Date "2010.9.4"]
[Round "1"]
[White "dladuke7"]
[Black "kingmartinIII"]
[Result "1-0"]
[WhiteElo "1577"]
[BlackElo "1451"]

1. d4 d5 2. Nc3 Bf5 3. Bf4 Nc6 4. Nb5 Rc8 5. Nxc7+ Rxc7 6. Bxc7 Qxc7 7. c3 Nf6
8. e3 e6 9. Bb5 Bd6 10. Nf3 O-O 11. O-O Na5 12. Qa4 a6 13. Be2 Ne4 14. Bd3 Nc4
15. Bxc4 dxc4 16. Nh4 g5 17. Nxf5 Bxh2+ 18. Kh1 Bd6 19. Nxd6 Qxd6 20. Rfd1 Nxf2+
21. Kg1 Qg3 22. Rd2 Ng4 23. Qd1 Qh2+ 24. Kf1 h5 25. g3 Qxg3 26. Rg2 Qxe3 27. Qe2
Qf4+ 28. Ke1 Re8 29. Rd1 Kf8 30. Qf1 Qe4+ 31. Re2 Qg6 32. Rdd2 f5 33. d5 exd5
34. Rxe8+ Qxe8+ 35. Re2 Qa4 36. Qxf5+ 1-0

[Event "AUTO-INT-1815"]
[Site "http://www.queenalice.com/game.php?id=831017"]
[Date "2010.9.10"]
[Round "1"]
[White "Givanildo"]
[Black "kingmartinIII"]
[Result "1-0"]
[WhiteElo "1558"]
[BlackElo "1476"]

1. e4 e5 2. Bc4 Nh6 3. d3 Bc5 4. Qf3 d6 5. Bxh6 Be6 6. Bxg7 Rg8 7. Bf6 Qc8 8.
Nd2 Nc6 9. c3 Qd7 10. h3 Ne7 11. O-O-O O-O-O 12. a4 d5 13. exd5 Bxd5 14. Bxd5
Nxd5 15. Bxd8 Rxd8 16. Nb3 b6 17. a5 b5 18. Nxc5 Qc6 19. Qf5+ Kb8 20. d4 Ne7 21.
Qxe5 Ng6 22. Qg3 Qd5 23. Na6+ Kb7 24. Nxc7 Qa2 25. Kc2 Qxa5 26. Ne2 Qxc7 27.
Qf3+ Ka6 28. Ra1+ Kb6 29. Qf6+ Kb7 30. Qa6+ Kb8 31. Qxb5+ Kc8 32. Qa6+ Kd7 33.
Ra5 Ke8 34. Re1 Kf8 35. Ng3 Re8 36. Rxe8+ Kxe8 37. Nf5 Ne7 38. Nxe7 Qxe7 39.
Qc8+ Qd8 40. Re5+ Kf8 41. Qxd8+ Kg7 42. Rg5+ Kh6 43. Qf6# 1-0

[Event "AUTO-INT-1815"]
[Site "http://www.queenalice.com/game.php?id=831018"]
[Date "2010.9.10"]
[Round "1"]
[White "kingmartinIII"]
[Black "Givanildo"]
[Result "0-1"]
[WhiteElo "1398"]
[BlackElo "1520"]

1. e4 e5 2. Bc4 Bc5 3. Nf3 Qf6 4. d3 d6 5. Bg5 Qg6 6. h4 h5 7. Nc3 c6 8. Qd2 f6
9. O-O-O Bg4 10. Be3 Bb4 11. a3 Ba5 12. b4 Bc7 13. d4 Nd7 14. d5 c5 15. bxc5
dxc5 16. Nb5 O-O-O 17. Nxa7+ Kb8 18. Nb5 Bb6 19. a4 f5 20. exf5 Bxf5 21. Bd3
Bxd3 22. cxd3 Ngf6 23. Bg5 c4 24. dxc4 Nc5 25. Nxe5 Nb3+ 26. Kb2 Bd4+ 27. Kxb3
Bxe5 28. Qa5 Kc8 29. Qa8+ Bb8 30. g3 Kd7 31. Qxb7+ Ke8 32. Rhe1+ Kf8 33. Qe7+
Kg8 34. Qxd8+ Kh7 35. Qe7 Ng4 36. Nd4 Qb6+ 37. Kc3 Qa5+ 38. Kb3 Nxf2 39. Rb1
Qb6+ 40. Ka3 Bd6+ 41. Qxd6 Qxd6+ 42. Kb3 Rb8+ 43. Kc3 Qa3+ 44. Kc2 Qd3+ 45. Kc1
Qxb1+ 0-1

[Event "AUTO-INT-1815"]
[Site "http://www.queenalice.com/game.php?id=831027"]
[Date "2010.9.10"]
[Round "1"]
[White "psychobunny"]
[Black "kingmartinIII"]
[Result "1-0"]
[WhiteElo "1756"]
[BlackElo "1440"]

1. e4 e5 2. Nf3 f6 3. d4 exd4 4. Qxd4 Nc6 5. Qe3 Bd6 6. Bb5 Nb4 7. Bd3 Nh6 8. e5
Bxe5 9. Nxe5 fxe5 10. Qxe5+ Qe7 11. Qxe7+ Kxe7 12. O-O d5 13. Bxh6 gxh6 14. Nc3
Rg8 15. Bxh7 Rg7 16. Rfe1+ Kd6 17. Bd3 Bd7 18. a3 Nc6 19. b4 Ne5 20. Re3 Ng4 21.
Rg3 Rf8 22. f3 h5 23. fxg4 Rxg4 24. Nb5+ Bxb5 25. Bxb5 c6 26. Rxg4 hxg4 27. Be2
g3 28. hxg3 c5 29. g4 cxb4 30. axb4 Rg8 31. Rxa7 Kc6 32. b5+ Kc5 33. Rxb7 Kd4
34. b6 Rg6 35. Rb8 Ke3 36. Re8+ Kd2 37. b7 Rb6 38. b8=Q Rxb8 39. Rxb8 Kxe2 40.
g5 1-0

[Event "AUTO-INT-1815"]
[Site "http://www.queenalice.com/game.php?id=831028"]
[Date "2010.9.10"]
[Round "1"]
[White "kingmartinIII"]
[Black "psychobunny"]
[Result "1-0"]
[WhiteElo "1402"]
[BlackElo "1724"]

1. e4 c5 2. Bc4 e6 3. Nf3 Nc6 4. O-O d5 5. exd5 exd5 6. Bb5 Ne7 7. d3 Bg4 8. h3
a6 9. Bxc6+ Nxc6 10. hxg4 h5 11. gxh5 Rxh5 12. g4 Rf5 13. gxf5 Nd4 14. Nxd4 cxd4
15. Bf4 Qh4 16. Re1+ Be7 17. Bd6 Qg5+ 18. Kf1 Qxf5 19. Rxe7+ Kf8 20. Rxb7+ Ke8
21. Nd2 Qh3+ 22. Ke1 Qe6+ 23. Qe2 Rd8 24. Bc5 Rd7 25. Rb6 Qxe2+ 26. Kxe2 1-0

[Event "AUTO-INT-1836"]
[Site "http://www.queenalice.com/game.php?id=842635"]
[Date "2010.10.6"]
[Round "1"]
[White "PedroNRF"]
[Black "kingmartinIII"]
[Result "1-0"]
[WhiteElo "1722"]
[BlackElo "1387"]

1. e4 e5 2. Bc4 Bc5 3. Qh5 d6 4. Qf3 Nf6 5. h3 O-O 6. d3 Nc6 7. c3 a6 8. Ne2 Be6
9. b4 Bb6 10. Bg5 h6 11. Bxf6 1-0

[Event "AUTO-INT-1836"]
[Site "http://www.queenalice.com/game.php?id=842636"]
[Date "2010.10.6"]
[Round "1"]
[White "kingmartinIII"]
[Black "PedroNRF"]
[Result "0-1"]
[WhiteElo "1384"]
[BlackElo "1725"]

1. e4 e5 2. Nf3 Qf6 3. Bc4 Bc5 4. d3 h6 5. O-O d6 6. Be3 Bxe3 7. fxe3 Bg4 8. Nc3
c6 9. a4 Nd7 10. b4 Ne7 11. h3 Bh5 0-1